000 00984nam a22002177a 4500
999 _c8068
_d8068
003 AR-CdUCM
008 190322b ||||| |||| 00| 0 spa d
040 _aMUNICIPALIDAD PROVINCIAL DEL CUSCO
_cBIBLIOTECA MUNICIPAL DEL CUSCO
082 _a610.92 /
_bP18
100 _aPamo Reyna, Oscar Guillermo,
_922789
245 _aTemas de la historia médica del Perú /
260 _aLima :
_bMegaprint,
_c 1990.
300 _a133 paginas ;
_c20 cm.
505 _aContenido : Daniel Alcides Carrion a cien años de su muerte -- Desde sus orígenes hasta 1879 -- Los dos cismas de la facultad de medicina de lima -- Juan Ignacio Castillo un pionero de la investigación medica en el Perú -- Los médicos extranjeros y la formación de la escuela medica Peruana -- La primera revista medica del Perú...
650 _aMedicina Peruana
_9331
650 _aDaniel Alcides Carrion
_9332
650 _aVerruga Peruana
_9333
710 _aCONCYTEC
_92809
942 _2ddc
_cLIBROS
945 _awnts